[Event "ESP-ch Universities"]
[Site "Madrid"]
[Date "2008.05.09"]
[Round "5"]
[White "Fidalgo Fernandez, Lucia"]
[Black "Hajmohamad, Ali Ehsan"]
[Result "0-1"]
[WhiteElo "2093"]
[BlackElo "2227"]
[PlyCount "120"]
[EventDate "2008.05.08"]
[EventType "swiss"]
[EventRounds "9"]
[EventCountry "ESP"]
[SourceTitle "CBM 124 Extra"]
[Source "ChessBase"]
[SourceDate "2008.07.03"]
[SourceVersion "1"]
[SourceVersionDate "2008.07.03"]
[SourceQuality "1"]

1. d4 Nf6 2. Nf3 d5 3. c4 c6 4. Nc3 e6 5. Bg5 Nbd7 6. cxd5 exd5 7. e3 Bd6 8. Qc2 0-0 9. Bd3 h6 10. Bh4 Qc7 11. 0-0 Ng4 12. Bg3 Bxg3 13. hxg3 Qd8 14. b4 Ndf6 15. Rfc1 Qe7 16. Rab1 Re8 17. b5 Ne4 18. Nd1 Bd7 19. Qe2 Qf6 20. bxc6 Bxc6 21. Bxe4 dxe4 22. Nh2 Nxh2 23. Kxh2 Rad8 24. Nc3 h5 25. Rh1 g6 26. Kg1 Rc8 27. Rh4 a6 28. Qd2 b5 29. d5 Bb7 30. Nxe4 Qe5 31. Qb2 Qxb2 32. Rxb2 Red8 33. Rd2 Kg7 34. d6 f6 35. d7 Rc1+ 36. Kh2 Rc7 37. Nd6 Rcxd7 38. Nxb7 Rxd2 39. Nxd8 Rxd8 40. a4 Rb8 41. axb5 axb5 42. Rb4 Kf7 43. Kg1 Ke6 44. Kf1 Kd5 45. Ke2 Kc5 46. Rb1 Ra8 47. Rb2 b4 48. Kd3 Ra3+ 49. Kd2 Kc4 50. Rc2+ Rc3 51. Rb2 b3 52. e4 Rd3+ 53. Ke2 Rd8 54. Rb1 Ra8 55. Ke3 Ra3 56. Kd2 Ra2+ 57. Ke3 b2 58. f4 Ra3+ 59. Kf2 Rb3 60. Ke2 Rxg3 0-1

[Event "ESP-ch Universities"]
[Site "Madrid"]
[Date "2008.05.08"]
[Round "2"]
[White "Mayans Calvo, Mariano"]
[Black "Fidalgo Fernandez, Lucia"]
[Result "0-1"]
[WhiteElo "2223"]
[BlackElo "2093"]
[PlyCount "121"]
[EventDate "2008.05.08"]
[EventType "swiss"]
[EventRounds "9"]
[EventCountry "ESP"]
[SourceTitle "CBM 124 Extra"]
[Source "ChessBase"]
[SourceDate "2008.07.03"]
[SourceVersion "1"]
[SourceVersionDate "2008.07.03"]
[SourceQuality "1"]

1. c4 e5 2. Nc3 Nc6 3. g3 Bb4 4. Bg2 Bxc3 5. bxc3 d6 6. e3 f5 7. Ne2 Nf6 8. d4 0-0 9. Rb1 Na5 10. 0-0 Rb8 11. Qa4 c5 12. Ba3 b6 13. f4 e4 14. Rfd1 Qc7 15. Bf1 Ng4 16. Bc1 Bd7 17. Qc2 Nxc4 18. Qb3 d5 19. a4 Be6 20. Bh3 Ngxe3 21. Bxe3 Nxe3 22. Re1 Nc4 23. Qa2 Qc6 24. Nc1 Bd7 25. Ra1 Na5 26. Nb3 Nxb3 27. Qxb3 Rfc8 28. Bf1 cxd4 29. cxd4 Qd6 30. Ba6 Rc6 31. Bb5 Rc7 32. Rac1 Rbc8 33. Rxc7 Rxc7 34. Be2 Qc6 35. Bb5 Qd6 36. Be2 Be6 37. Bb5 Qf8 38. Ba6 Qe8 39. Bb5 Qc8 40. Qa3 Rc2 41. Qd6 Kf7 42. g4 Qc7 43. Be8+ Kxe8 44. Qxe6+ Qe7 45. Qg8+ Kd7 46. Qxd5+ Kc7 47. Qb3 Rc6 48. gxf5 Qh4 49. Qf7+ Kb8 50. Qf8+ Rc8 51. Qd6+ Kb7 52. Qd5+ Ka6 53. Qb5+ Kb7 54. Qd5+ Ka6 55. Qxe4 Qf6 56. Qd3+ Kb7 57. Re6 Qh4 58. Qe3 Qg4+ 59. Kf1 Qd1+ 60. Kf2 Qc2+ 61. Kg3 0-1

[Event "ESP-chT3 Autonomicas"]
[Site "Melilla"]
[Date "2008.05.03"]
[Round "6"]
[White "Redondo Arguelles, Graciela"]
[Black "Fidalgo Fernandez, Lucia"]
[Result "1/2-1/2"]
[WhiteElo "2106"]
[BlackElo "2093"]
[PlyCount "74"]
[EventDate "2008.04.30"]
[EventType "team"]
[EventRounds "6"]
[EventCountry "ESP"]
[SourceTitle "CBM 124 Extra"]
[Source "ChessBase"]
[SourceDate "2008.07.03"]
[SourceVersion "1"]
[SourceVersionDate "2008.07.03"]
[SourceQuality "1"]

1. e4 c5 2. c3 g6 3. d4 cxd4 4. cxd4 d5 5. exd5 Qxd5 6. Nc3 Qa5 7. Nf3 Bg7 8. Bc4 Nf6 9. Ne5 0-0 10. 0-0 e6 11. Qf3 Nbd7 12. Re1 Nxe5 13. Rxe5 Qb4 14. Qe2 Ne8 15. a3 Qb6 16. Rb5 Qd8 17. Bg5 Qd7 18. d5 e5 19. Rc5 Nd6 20. Nb5 f6 21. Be3 b6 22. Rc7 Qd8 23. Rxa7 Rxa7 24. Nxa7 Bb7 25. Nc6 Qc7 26. Rc1 Kh8 27. Ba6 Qf7 28. Bxb7 Qxb7 29. Nb4 f5 30. Rc6 Nc8 31. Qa6 Qd7 32. Bxb6 Nxb6 33. Qxb6 e4 34. Rc7 Qd8 35. Qb7 Rg8 36. Rd7 Qg5 37. g3 e3 1/2-1/2

[Event "ESP-chT3 Autonomicas"]
[Site "Melilla"]
[Date "2008.05.01"]
[Round "2"]
[White "Fidalgo Fernandez, Lucia"]
[Black "Zamarbide Inarrea, Daniel"]
[Result "1/2-1/2"]
[WhiteElo "2093"]
[BlackElo "2027"]
[PlyCount "107"]
[EventDate "2008.04.30"]
[EventType "team"]
[EventRounds "6"]
[EventCountry "ESP"]
[SourceTitle "CBM 124 Extra"]
[Source "ChessBase"]
[SourceDate "2008.07.03"]
[SourceVersion "1"]
[SourceVersionDate "2008.07.03"]
[SourceQuality "1"]

1. d4 e6 2. Nf3 c5 3. c3 d5 4. Bf4 Nf6 5. e3 Be7 6. Be2 0-0 7. 0-0 Nc6 8. h3 b6 9. Nbd2 Bb7 10. a4 Rc8 11. Ne5 Ne8 12. Bd3 Nxe5 13. Bxe5 Bd6 14. f4 f5 15. Nf3 Nf6 16. g4 Bxe5 17. Nxe5 Ne4 18. Bxe4 dxe4 19. gxf5 exf5 20. Qb3+ c4 21. Qb5 a6 22. Qd7 Bd5 23. Rf2 Rc7 24. Qxd8 Rxd8 25. Rc1 Be6 26. Rd2 g6 27. h4 Kg7 28. Kh2 Kf6 29. Rg1 Bd5 30. Rdg2 Rg8 31. Rg5 Rcg7 32. h5 Be6 33. hxg6 hxg6 34. R1g2 b5 35. axb5 axb5 36. Rg1 Rh7+ 37. Kg2 Ra7 38. Rd1 Bd5 39. Rg3 Ra2 40. Rd2 b4 41. Rc2 bxc3 42. Rxc3 Rxb2+ 43. Kg1 Rb3 44. Rc1 c3 45. Rg2 Rg7 46. Ra1 Rb2 47. Ra6+ Ke7 48. Rxb2 cxb2 49. Rb6 g5 50. fxg5 Rxg5+ 51. Kh2 Rh5+ 52. Kg3 Rg5+ 53. Kh2 Rh5+ 54. Kg3 1/2-1/2

[Event "Calvia Autonomicas-chT"]
[Site "Calvia"]
[Date "2007.05.04"]
[Round "2"]
[White "Arce Calva, Elvira"]
[Black "Fidalgo Fernandez, Lucia"]
[Result "0-1"]
[WhiteElo "1824"]
[BlackElo "2073"]
[PlyCount "70"]
[EventDate "2007.05.03"]
[EventType "team"]
[EventRounds "5"]
[EventCountry "ESP"]
[SourceTitle "CBM 118 Extra"]
[Source "ChessBase"]
[SourceDate "2007.07.04"]
[SourceVersion "1"]
[SourceVersionDate "2007.07.04"]
[SourceQuality "1"]

1. e4 c5 2. d3 a6 3. g3 b5 4. Bg2 Bb7 5. f4 e6 6. Nf3 d5 7. e5 d4 8. 0-0 Qc7 9. Qe1 Ne7 10. Nbd2 Nd5 11. Ne4 Be7 12. g4 Nd7 13. Qg3 Nb4 14. Ne1 Rc8 15. f5 Bxe4 16. fxe6 Bxg2 17. exd7+ Qxd7 18. Qxg2 0-0 19. a3 Nd5 20. Qe4 f6 21. e6 Qd6 22. Nf3 Rc6 23. Re1 Nc7 24. Bf4 Qxe6 25. Bxc7 Qxe4 26. Rxe4 Rxc7 27. Re6 f5 28. Rxa6 fxg4 29. Nd2 Bg5 30. Ne4 Be3+ 31. Kg2 c4 32. dxc4 Rxc4 33. Nd6 Rxc2+ 34. Kg3 h5 35. Rh1 g5 0-1

[Event "ESP-chT Autonomicas"]
[Site "Padron"]
[Date "2006.10.07"]
[Round "5.5"]
[White "Fidalgo Fernandez, Lucia"]
[Black "Lorenzo Serrano, Henar"]
[Result "1-0"]
[WhiteElo "2079"]
[BlackElo "1688"]
[PlyCount "25"]
[EventDate "2006.10.05"]
[EventType "team-swiss"]
[EventRounds "6"]
[EventCountry "ESP"]
[SourceTitle "EXT 2018"]
[Source "ChessBase"]
[SourceDate "2017.10.13"]
[SourceVersion "1"]
[SourceVersionDate "2017.10.13"]
[SourceQuality "1"]
[WhiteTeam "Asturias"]
[BlackTeam "Galicia III"]
[WhiteTeamCountry "ESP"]
[BlackTeamCountry "ESP"]

1. e4 d5 2. exd5 Nf6 3. d4 Bg4 4. Nf3 Qxd5 5. Be2 Nc6 6. c4 Qh5 7. Be3 0-0-0 8. Nbd2 Qa5 9. 0-0 Bxf3 10. Nxf3 Qf5 11. d5 e6 12. Bd3 Qh5 13. dxc6 1-0

[Event "ESP-chT Autonomicas"]
[Site "Padron"]
[Date "2006.10.06"]
[Round "2.3"]
[White "Gonzalez Campo, Greta"]
[Black "Fidalgo Fernandez, Lucia"]
[Result "0-1"]
[WhiteElo "1889"]
[BlackElo "2079"]
[PlyCount "63"]
[EventDate "2006.10.05"]
[EventType "team-swiss"]
[EventRounds "6"]
[EventCountry "ESP"]
[SourceTitle "EXT 2018"]
[Source "ChessBase"]
[SourceDate "2017.10.13"]
[SourceVersion "1"]
[SourceVersionDate "2017.10.13"]
[SourceQuality "1"]
[WhiteTeam "Galicia II"]
[BlackTeam "Asturias"]
[WhiteTeamCountry "ESP"]
[BlackTeamCountry "ESP"]

1. e4 c5 2. d3 e6 3. g3 d5 4. Nd2 Nc6 5. Bg2 Nf6 6. Ngf3 a6 7. 0-0 Be7 8. Re1 0-0 9. a3 b5 10. Qe2 Bb7 11. Nf1 Rc8 12. e5 Nd7 13. h4 Qc7 14. Bf4 Nd4 15. Qd2 Nxf3+ 16. Bxf3 c4 17. Qe2 Nc5 18. d4 Na4 19. c3 a5 20. Qd2 Ra8 21. Nh2 b4 22. axb4 axb4 23. Ng4 Qa5 24. Bd1 Bc6 25. Bg5 bxc3 26. bxc3 Bxg5 27. Qxg5 Qxc3 28. Nf6+ Kh8 29. Bh5 Qc2 30. g4 Nc3 31. Rxa8 Bxa8 32. Kh2 0-1

[Event "EU-ch U18 Girls"]
[Site "Herceg Novi"]
[Date "2006.09.19"]
[Round "9"]
[White "Fidalgo Fernandez, Lucia"]
[Black "Kovacs, Ondina"]
[Result "1-0"]
[WhiteElo "2105"]
[BlackElo "1986"]
[PlyCount "55"]
[EventDate "2006.09.10"]
[EventType "swiss"]
[EventRounds "9"]
[EventCountry "MNE"]
[SourceTitle "CBM 114 Extra"]
[Source "ChessBase"]
[SourceDate "2006.11.03"]
[SourceVersion "1"]
[SourceVersionDate "2006.11.03"]
[SourceQuality "1"]

1. e4 c5 2. Nc3 Nc6 3. Bc4 d6 4. f4 g6 5. d3 Bg7 6. Nf3 e6 7. 0-0 Nge7 8. Qe1 0-0 9. f5 exf5 10. Qh4 h5 11. Bg5 Qd7 12. Bf6 Re8 13. Rae1 Ne5 14. Nxe5 dxe5 15. Bb5 Qd4+ 16. Kh1 Bxf6 17. Qxf6 Nc6 18. Nd5 Qxb2 19. Rb1 Qxc2 20. Nc7 Be6 21. Nxa8 Rxa8 22. exf5 Bxf5 23. Bc4 Nd8 24. Rbe1 Ne6 25. Rxe5 Rb8 26. Bxe6 Bxe6 27. Rxe6 fxe6 28. Qxe6+ 1-0

[Event "EU-ch U18 Girls"]
[Site "Herceg Novi"]
[Date "2006.09.17"]
[Round "7"]
[White "Fidalgo Fernandez, Lucia"]
[Black "Timofeeva, Ekaterina"]
[Result "0-1"]
[WhiteElo "2105"]
[BlackElo "2246"]
[PlyCount "64"]
[EventDate "2006.09.10"]
[EventType "swiss"]
[EventRounds "9"]
[EventCountry "MNE"]
[SourceTitle "CBM 114 Extra"]
[Source "ChessBase"]
[SourceDate "2006.11.03"]
[SourceVersion "1"]
[SourceVersionDate "2006.11.03"]
[SourceQuality "1"]

1. e4 d6 2. d4 Nf6 3. Nc3 e5 4. Nge2 Be7 5. f3 c6 6. Be3 0-0 7. Qd2 b5 8. g4 Nbd7 9. Ng3 exd4 10. Qxd4 Ne5 11. Be2 Qa5 12. Nf5 Bxf5 13. gxf5 Ne8 14. Rg1 Bf6 15. Qd2 Rb8 16. Bg5 Bxg5 17. Qxg5 f6 18. Qh5 b4 19. Nd1 Qc5 20. Rg3 Qxc2 21. f4 Nc4 22. Rd3 d5 23. exd5 Rd8 24. Qf3 cxd5 25. Rxd5 Ned6 26. b3 Nb6 27. Rd2 Qc5 28. Ne3 Rfe8 29. Rd3 Rd7 30. Nd5 Ne4 31. Nxb6 Rxd3 32. Qxd3 Qg1+ 0-1

[Event "ESP-ch U18"]
[Site "Banos de Montemayor"]
[Date "2006.07.08"]
[Round "2"]
[White "Fidalgo Fernandez, Lucia"]
[Black "Pena Gomez, Manuel"]
[Result "0-1"]
[WhiteElo "2105"]
[BlackElo "2337"]
[PlyCount "88"]
[EventDate "2006.07.08"]
[EventType "swiss"]
[EventRounds "9"]
[EventCountry "ESP"]
[SourceTitle "EXT 2007"]
[Source "ChessBase"]
[SourceDate "2006.11.23"]
[SourceVersion "1"]
[SourceVersionDate "2006.11.23"]
[SourceQuality "1"]

1. e4 c5 2. Nf3 e6 3. d4 cxd4 4. Nxd4 Nc6 5. Nc3 a6 6. g3 d6 7. Bg2 Bd7 8. 0-0 Nf6 9. a4 Be7 10. h3 0-0 11. Nde2 Qc7 12. g4 Rab8 13. Ng3 b5 14. axb5 axb5 15. Nce2 d5 16. Be3 dxe4 17. Nxe4 Nd5 18. Bc5 Rfd8 19. Bxe7 Ncxe7 20. c3 Ng6 21. Qd4 Qc4 22. N4g3 Ndf4 23. Qxc4 bxc4 24. Nxf4 Nxf4 25. Rfd1 Nxg2 26. Kxg2 Bc6+ 27. Kf1 Bd5 28. Rab1 g6 29. Ke1 Rb3 30. Rd2 Rdb8 31. Ke2 Rxc3 32. bxc3 Rxb1 33. Ke3 Kg7 34. g5 h6 35. h4 f6 36. gxf6+ Kxf6 37. Kd4 Rb5 38. Re2 Rb6 39. Ne4+ Kf5 40. Nd2 Ra6 41. f3 Ra2 42. Rg2 g5 43. hxg5 hxg5 44. Rf2 Kf4 0-1

[Event "Lorca Narciso Yepes op"]
[Site "Lorca"]
[Date "2006.??.??"]
[Round "?"]
[White "Kovacevic, Slobodan"]
[Black "Fidalgo Fernandez, Lucia"]
[Result "1-0"]
[WhiteElo "2336"]
[BlackElo "2108"]
[PlyCount "69"]
[EventDate "2006.06.25"]
[EventType "swiss"]
[EventRounds "9"]
[EventCountry "ESP"]
[SourceTitle "CBM 113 Extra"]
[Source "ChessBase"]
[SourceDate "2006.09.14"]
[SourceVersion "1"]
[SourceVersionDate "2006.09.14"]
[SourceQuality "1"]

1. d4 d5 2. Bf4 Nf6 3. e3 c6 4. Nf3 Bf5 5. c4 e6 6. Qb3 Qb6 7. c5 Qxb3 8. axb3 Nbd7 9. h3 Be7 10. b4 Bxb1 11. Rxb1 a6 12. Nd2 0-0 13. Nb3 Bd8 14. Ra1 Rc8 15. Na5 Bxa5 16. bxa5 Ne8 17. Ra4 Nc7 18. Bxc7 Rxc7 19. Rb4 e5 20. f3 f5 21. Kf2 f4 22. e4 exd4 23. Rxd4 dxe4 24. Bc4+ Kh8 25. fxe4 Nxc5 26. e5 Nd7 27. Re1 g5 28. Be6 Nc5 29. Bc4 Nd7 30. h4 h6 31. Rd6 Kg7 32. h5 Rb8 33. Rg6+ Kf8 34. Rd1 Ke8 35. Rg7 1-0